[Event "Krzyszton mem corr"]
[Site "Poland corr"]
[Date "1999.07.15"]
[Round "?"]
[White "De Mauro, Joseph A"]
[Black "Copie, Jose Antonio"]
[Result "0-1"]
[WhiteElo "2495"]
[BlackElo "2553"]
[PlyCount "88"]
[EventDate "1999.07.15"]
[EventType "tourn (corr)"]
[EventRounds "14"]
[EventCountry "POL"]
[SourceTitle "Corr 2008"]
[Source "ChessBase"]
[SourceDate "2008.06.24"]
[SourceVersion "1"]
[SourceVersionDate "2008.06.24"]
[SourceQuality "1"]

1. d4 g6 2. e4 Bg7 3. Nc3 d6 4. Nf3 Nf6 5. Be3 c6 6. Qd2 b5 7. Bd3 Nbd7 8. Bh6 0-0 9. Bxg7 Kxg7 10. a4 b4 11. Ne2 a5 12. e5 dxe5 13. dxe5 Ng4 14. Qf4 Nc5 15. Bc4 f6 16. e6 Nh6 17. Nfd4 Qd6 18. 0-0-0 Qxf4+ 19. Nxf4 Ng4 20. Rhf1 Ne5 21. Be2 Nxa4 22. Nd3 Nxd3+ 23. Bxd3 Nc5 24. Rfe1 Nxd3+ 25. Rxd3 c5 26. Nc6 Re8 27. Rd7 Kf8 28. Re3 a4 29. g4 Ra6 30. Rc7 Rb6 31. Na5 Bxe6 32. h3 Ra8 33. Rxc5 Rd6 34. c4 bxc3 35. Rexc3 Rad8 36. b4 axb3 37. Nxb3 Bxb3 38. Rxb3 Rd1+ 39. Kb2 R1d2+ 40. Rc2 R8d3 41. Rxd2 Rxd2+ 42. Kc3 Rxf2 43. Kd4 Re2 44. Kd3 Re5 0-1

[Event "Krzyszton mem corr"]
[Site "Poland corr"]
[Date "1999.07.15"]
[Round "?"]
[White "De Mauro, Joseph A"]
[Black "Wohlfahrt, Herbert J Sr"]
[Result "1-0"]
[WhiteElo "2495"]
[BlackElo "2547"]
[PlyCount "55"]
[EventDate "1999.07.15"]
[EventType "tourn (corr)"]
[EventRounds "14"]
[EventCountry "POL"]
[SourceTitle "Corr 2008"]
[Source "ChessBase"]
[SourceDate "2008.06.24"]
[SourceVersion "1"]
[SourceVersionDate "2008.06.24"]
[SourceQuality "1"]

1. e4 c5 2. Nf3 d6 3. d4 cxd4 4. Nxd4 Nf6 5. Nc3 a6 6. f4 e5 7. Nf3 Nbd7 8. a4 Be7 9. Bc4 0-0 10. 0-0 Qc7 11. Qe2 exf4 12. Bxf4 Ne5 13. Bd5 Be6 14. Kh1 Rae8 15. Bxe6 fxe6 16. Nxe5 dxe5 17. Bg3 Rf7 18. Rf3 Bb4 19. Na2 Bd6 20. Raf1 Ref8 21. Nc1 Qc6 22. Nd3 Qxe4 23. Qxe4 Nxe4 24. Bxe5 Rxf3 25. gxf3 Bxe5 26. Nxe5 Rf5 27. Nc4 Rc5 28. b3 1-0

[Event "Krzyszton mem corr"]
[Site "Poland corr"]
[Date "1999.07.15"]
[Round "?"]
[White "Jaworski, Miroslaw"]
[Black "De Mauro, Joseph A"]
[Result "1-0"]
[WhiteElo "2458"]
[BlackElo "2495"]
[PlyCount "107"]
[EventDate "1999.07.15"]
[EventType "tourn (corr)"]
[EventRounds "14"]
[EventCountry "POL"]
[SourceTitle "Corr 2008"]
[Source "ChessBase"]
[SourceDate "2008.06.24"]
[SourceVersion "1"]
[SourceVersionDate "2008.06.24"]
[SourceQuality "1"]

1. d4 Nf6 2. c4 g6 3. Nc3 d5 4. cxd5 Nxd5 5. e4 Nxc3 6. bxc3 Bg7 7. Nf3 c5 8. Rb1 0-0 9. Be2 Nc6 10. d5 Ne5 11. Nxe5 Bxe5 12. Qd2 b6 13. f4 Bg7 14. 0-0 e6 15. d6 e5 16. fxe5 Bb7 17. Qf4 Qe8 18. Bc4 Qxe5 19. Qxe5 Bxe5 20. Bh6 Bg7 21. Bxg7 Kxg7 22. e5 Be4 23. Rbd1 Bf5 24. Rd2 Rad8 25. h3 h5 26. Bb5 Be6 27. a4 h4 28. a5 a6 29. Bc6 b5 30. Bb7 b4 31. cxb4 cxb4 32. Rf4 b3 33. Rb4 Rb8 34. Rb6 Bc4 35. Rd4 Bb5 36. Rxh4 Rfe8 37. Bd5 b2 38. Rb4 Rbc8 39. Rxb2 Rxe5 40. Rd2 f5 41. Bb7 Rd8 42. Bxa6 Ba4 43. Bc4 Rxa5 44. Ra2 Kh6 45. Rb1 Raa8 46. Bd5 Bc6 47. Rxa8 Bxa8 48. Bxa8 Rxa8 49. d7 Rd8 50. Rd1 Kg5 51. Kf2 Kf6 52. Kg3 g5 53. h4 gxh4+ 54. Kxh4 1-0

[Event "Krzyszton mem corr"]
[Site "Poland corr"]
[Date "1999.07.15"]
[Round "?"]
[White "Szafraniec, Tadeusz"]
[Black "De Mauro, Joseph A"]
[Result "1/2-1/2"]
[WhiteElo "2465"]
[BlackElo "2495"]
[PlyCount "97"]
[EventDate "1999.07.15"]
[EventType "tourn (corr)"]
[EventRounds "14"]
[EventCountry "POL"]
[SourceTitle "Corr 2008"]
[Source "ChessBase"]
[SourceDate "2008.06.24"]
[SourceVersion "1"]
[SourceVersionDate "2008.06.24"]
[SourceQuality "1"]

1. c4 e5 2. Nc3 Nf6 3. Nf3 Nc6 4. g3 d5 5. cxd5 Nxd5 6. Bg2 Nb6 7. 0-0 Be7 8. a3 0-0 9. b4 Be6 10. Rb1 f6 11. d3 a5 12. bxa5 Rxa5 13. Nb5 Qd7 14. Be3 Ra6 15. Qc2 Rfa8 16. Rfc1 Nd5 17. Bc5 Bxc5 18. Qxc5 Ra5 19. Qc2 Ndb4 20. axb4 Rxb5 21. Qc3 Ra4 22. Nd2 Bd5 23. Ne4 Qd8 24. Qe1 Bxe4 25. Bxe4 Raxb4 26. Bxc6 Rxb1 27. Rxb1 Rxb1 28. Qxb1 bxc6 29. Qb3+ Kf8 30. Qb4+ Qd6 31. Qh4 h6 32. Qg4 Qe7 33. f3 Qe8 34. Qb4+ Kf7 35. Qb3+ Kg6 36. Qc4 Qd7 37. Qe4+ Kf7 38. Qc4+ Qe6 39. Qb4 f5 40. Kf2 c5 41. Qb8 Qd7 42. Qb3+ Kg6 43. Kg2 Kf6 44. Qc4 Qd6 45. h4 h5 46. Qg8 Qe7 47. e4 fxe4 48. fxe4 g6 49. Qh8+ 1/2-1/2

[Event "John F Cleeve mem"]
[Site "Canada"]
[Date "1996.??.??"]
[Round "?"]
[White "De Mauro, Joseph A"]
[Black "Oesterman, Georg"]
[Result "1/2-1/2"]
[WhiteElo "2555"]
[BlackElo "2595"]
[PlyCount "101"]
[EventDate "1996.??.??"]
[EventType "tourn (corr)"]
[EventRounds "14"]
[EventCountry "CAN"]
[EventCategory "11"]
[SourceTitle "Corr 2002"]
[Source "ChessBase"]
[SourceDate "2002.05.23"]
[SourceVersion "1"]
[SourceVersionDate "2002.05.23"]
[SourceQuality "1"]

1. d4 Nf6 2. c4 e6 3. g3 c5 4. d5 exd5 5. cxd5 d6 6. Nc3 g6 7. Bg2 Bg7 8. Nf3 0-0 9. 0-0 Re8 10. Bf4 Na6 11. Re1 Ne4 12. Nxe4 Rxe4 13. Nd2 Rb4 14. a3 Rxf4 15. gxf4 Bxb2 16. Ne4 Nc7 17. Ra2 Bg7 18. a4 b6 19. Qb3 Rb8 20. Nd2 a6 21. e4 b5 22. axb5 axb5 23. f5 gxf5 24. Qg3 Kf8 25. Qh3 fxe4 26. Qxh7 f5 27. Bxe4 Qe7 28. Ra3 Ne8 29. Qg6 Qf6 30. Qxf6+ Nxf6 31. Bf3 Nd7 32. Bh5 Bb7 33. Ra7 Bc3 34. Re6 Bxd2 35. Rxd6 Bc8 36. Re6 Bf4 37. d6 Bb7 38. Re7 Bc6 39. Rf7+ Kg8 40. Rfxd7 Bxd7 41. Rxd7 c4 42. Kf1 c3 43. Bd1 b4 44. Bb3+ Kh8 45. h4 Rc8 46. Bc2 Be5 47. Ke2 Rc5 48. Rd8+ Kg7 49. d7 Rd5 50. Ba4 Rd2+ 51. Kf3 1/2-1/2

[Event "John F Cleeve mem"]
[Site "Canada"]
[Date "1996.??.??"]
[Round "?"]
[White "Hiltunen, Reijo"]
[Black "De Mauro, Joseph A"]
[Result "1/2-1/2"]
[WhiteElo "2535"]
[BlackElo "2555"]
[PlyCount "81"]
[EventDate "1996.??.??"]
[EventType "tourn (corr)"]
[EventRounds "14"]
[EventCountry "CAN"]
[EventCategory "11"]
[SourceTitle "Corr 2002"]
[Source "ChessBase"]
[SourceDate "2002.05.23"]
[SourceVersion "1"]
[SourceVersionDate "2002.05.23"]
[SourceQuality "1"]

1. d4 Nf6 2. c4 e6 3. Nc3 Bb4 4. Qc2 0-0 5. a3 Bxc3+ 6. Qxc3 b6 7. Bg5 Bb7 8. e3 d6 9. f3 Nbd7 10. Bd3 c5 11. Ne2 cxd4 12. exd4 Rc8 13. Qb3 h6 14. Bh4 d5 15. 0-0 dxc4 16. Bxc4 a6 17. a4 Qe7 18. Rfe1 g5 19. Bf2 Bd5 20. Rac1 b5 21. Bxd5 Nxd5 22. axb5 axb5 23. Nc3 Qb4 24. Qxb4 Nxb4 25. Red1 Nf6 26. Rb1 Nbd5 27. Nxb5 Rb8 28. Nd6 Rb3 29. Rd2 Rfb8 30. Nc4 Ra8 31. Ne5 Nb4 32. h4 Ra2 33. hxg5 hxg5 34. Nc4 Nfd5 35. Bg3 Nf4 36. Nd6 Nbd3 37. Ne4 Rbxb2 38. Rbxb2 Rxb2 39. Rxb2 Nxb2 40. Nxg5 Ne2+ 41. Kh2 1/2-1/2

[Event "John F Cleeve mem"]
[Site "Canada"]
[Date "1996.??.??"]
[Round "?"]
[White "Kozlowicz, Alejandro Antonio"]
[Black "De Mauro, Joseph A"]
[Result "1-0"]
[WhiteElo "2515"]
[BlackElo "2555"]
[PlyCount "71"]
[EventDate "1996.??.??"]
[EventType "tourn (corr)"]
[EventRounds "14"]
[EventCountry "CAN"]
[EventCategory "11"]
[SourceTitle "Corr 2002"]
[Source "ChessBase"]
[SourceDate "2002.05.23"]
[SourceVersion "1"]
[SourceVersionDate "2002.05.23"]
[SourceQuality "1"]

1. e4 e6 2. d4 d5 3. Nc3 Nf6 4. Bg5 Bb4 5. e5 h6 6. Bd2 Bxc3 7. bxc3 Ne4 8. Qg4 g6 9. Bd3 Nxd2 10. Kxd2 c5 11. Nf3 Nc6 12. Qf4 Qa5 13. Rhb1 cxd4 14. Nxd4 Nxd4 15. Qxd4 0-0 16. Qf4 Qc7 17. h4 h5 18. g4 f6 19. gxh5 Qxe5 20. Qxe5 fxe5 21. hxg6 Rxf2+ 22. Ke3 Rh2 23. Rh1 Rxh1 24. Rxh1 Bd7 25. h5 e4 26. Be2 Kg7 27. Rf1 Be8 28. Kf4 Kh6 29. Ke5 Ba4 30. Rf7 Rh8 31. Rxb7 Bxc2 32. Bg4 Bd3 33. Re7 e3 34. Kd4 Bf5 35. Bxf5 exf5 36. Rh7+ 1-0

[Event "John F Cleeve mem"]
[Site "Canada"]
[Date "1996.??.??"]
[Round "?"]
[White "Pineault, Denis"]
[Black "De Mauro, Joseph A"]
[Result "1/2-1/2"]
[WhiteElo "2525"]
[BlackElo "2555"]
[PlyCount "49"]
[EventDate "1996.??.??"]
[EventType "tourn (corr)"]
[EventRounds "14"]
[EventCountry "CAN"]
[EventCategory "11"]
[SourceTitle "Corr 2002"]
[Source "ChessBase"]
[SourceDate "2002.05.23"]
[SourceVersion "1"]
[SourceVersionDate "2002.05.23"]
[SourceQuality "1"]

1. e4 e5 2. Nf3 Nf6 3. d4 exd4 4. e5 Ne4 5. Qxd4 d5 6. exd6 Nxd6 7. Bd3 Nc6 8. Qf4 g6 9. Nc3 Bg7 10. Be3 Be6 11. 0-0-0 Qf6 12. Ng5 Qxf4 13. Bxf4 0-0-0 14. Nxe6 fxe6 15. Rhe1 Rhf8 16. Bg3 Nf5 17. Rxe6 Nxg3 18. fxg3 Rf2 19. Rxc6 Rxd3 20. Rxc7+ Kxc7 21. Rxd3 Rxg2 22. h3 Rg1+ 23. Kd2 Rg2+ 24. Kd1 Rg1+ 25. Kd2 1/2-1/2

[Event "NOR jub50 corr"]
[Site "Norway"]
[Date "1994.10.15"]
[Round "?"]
[White "De Mauro, Joseph A"]
[Black "Elwert, Hans Marcus"]
[Result "0-1"]
[WhiteElo "2570"]
[BlackElo "2625"]
[PlyCount "104"]
[EventDate "1994.??.??"]
[EventType "tourn (corr)"]
[EventRounds "14"]
[EventCountry "NOR"]
[SourceTitle "Myers"]
[Source "Myers"]
[SourceDate "2012.11.12"]
[SourceVersion "1"]
[SourceVersionDate "2012.11.12"]
[SourceQuality "1"]

1. e4 e6 2. d4 d5 3. Nd2 c5 4. exd5 Qxd5 5. Ngf3 cxd4 6. Bc4 Qd6 7. 0-0 Nf6 8. Nb3 Nc6 9. Nbxd4 Nxd4 10. Qxd4 Qxd4 11. Nxd4 Bd7 12. Bf4 Rc8 13. Bb3 Bc5 14. Rfd1 0-0 15. h3 Rfd8 16. Be3 h6 17. c4 Kf8 18. Bc2 a6 19. b3 Ke7 20. a3 Be8 21. b4 Bd6 22. Bb3 Be5 23. a4 a5 24. bxa5 Ne4 25. Kf1 Rd6 26. f4 Bf6 27. Rac1 Ra6 28. Nb5 Rxa5 29. Bb6 Ra6 30. Bc7 Kf8 31. Bc2 Ng3+ 32. Kf2 Bh4 33. a5 Bc6 34. Bb6 Nh5+ 35. Kf1 Nxf4 36. Nc7 Bxg2+ 37. Kg1 Bf3 38. Nxa6 bxa6 39. c5 Ne2+ 40. Kf1 Nxc1 41. Rxc1 Bg5 42. Rb1 Bf4 43. Bd3 Ra8 44. Bc4 Ke7 45. Kf2 Bc6 46. Rd1 g5 47. Be2 f5 48. Kf1 h5 49. Bxh5 Rh8 50. Be2 Rxh3 51. Bd8+ Kf7 52. Bxg5 Bxg5 0-1

[Event "Lewkowitz mem-B corr9498"]
[Site "Argentina"]
[Date "1994.??.??"]
[Round "?"]
[White "Biava, Mario Silas"]
[Black "De Mauro, Joseph A"]
[Result "0-1"]
[WhiteElo "2435"]
[BlackElo "2510"]
[PlyCount "74"]
[EventDate "1994.??.??"]
[EventType "tourn (corr)"]
[EventRounds "16"]
[EventCountry "ARG"]
[EventCategory "9"]
[SourceTitle "Corr 2000"]
[Source "ChessBase"]
[SourceDate "2000.04.19"]
[SourceVersion "1"]
[SourceVersionDate "2000.04.19"]
[SourceQuality "1"]

1. e4 e6 2. d3 d5 3. Nd2 Nf6 4. Ngf3 Nc6 5. g3 dxe4 6. dxe4 e5 7. Bg2 Bc5 8. h3 0-0 9. 0-0 b6 10. Qe2 a5 11. Rd1 Ba6 12. c4 Qe7 13. Nb3 a4 14. Nxc5 Qxc5 15. Be3 Qxc4 16. Qxc4 Bxc4 17. Rdc1 b5 18. Bf1 Bxf1 19. Kxf1 Na5 20. Nxe5 Rfe8 21. Bf4 Nxe4 22. Rxc7 g5 23. Nxf7 gxf4 24. Nh6+ Kh8 25. Nf7+ Kg7 26. Nd6+ Kf6 27. Nxe8+ Rxe8 28. Kg2 Nc4 29. Rxh7 f3+ 30. Kg1 Ng5 31. Rh6+ Kg7 32. Rh5 Kg6 33. g4 Re2 34. b3 Ne4 35. bxc4 Rxf2 36. Rf5 Rg2+ 37. Kf1 Ng3+ 0-1

[Event "Lewkowitz mem-B corr9498"]
[Site "Argentina"]
[Date "1994.??.??"]
[Round "?"]
[White "De Mauro, Joseph A"]
[Black "Echeguren, Gustavo Fabian"]
[Result "1-0"]
[WhiteElo "2510"]
[BlackElo "2565"]
[PlyCount "83"]
[EventDate "1994.??.??"]
[EventType "tourn (corr)"]
[EventRounds "16"]
[EventCountry "ARG"]
[EventCategory "9"]
[SourceTitle "Corr 2000"]
[Source "ChessBase"]
[SourceDate "2000.04.19"]
[SourceVersion "1"]
[SourceVersionDate "2000.04.19"]
[SourceQuality "1"]

1. d4 f5 2. g3 Nf6 3. Bg2 e6 4. Nf3 d5 5. 0-0 Bd6 6. c4 c6 7. b3 Qe7 8. Bb2 0-0 9. Nbd2 b6 10. Ne5 Bb7 11. Rc1 a5 12. Nd3 Na6 13. Nf3 Nb4 14. c5 bxc5 15. dxc5 Bc7 16. a3 Na6 17. Nfe5 Nb8 18. b4 Nbd7 19. Nxd7 Qxd7 20. b5 Qe7 21. b6 Bb8 22. f4 Ne4 23. Qa4 Nd2 24. Rfd1 Nc4 25. Rxc4 dxc4 26. Qxc4 Ba6 27. Qc2 Bb7 28. Qa4 Rd8 29. h4 Qe8 30. Bf3 Ra6 31. Kh2 Ra8 32. Rg1 Kh8 33. g4 Qe7 34. Kh3 fxg4+ 35. Rxg4 e5 36. fxe5 Bc8 37. Qxc6 Bxg4+ 38. Bxg4 Ba7 39. bxa7 Rxa7 40. e6 Rc7 41. Qe4 Rb7 42. Be5 1-0